Sehenswürdigkeiten des Werdener Landes - Statistiken

Allgemein
  • Dieses Quiz wurde 4 mal gespielt
  • Das Durchschnittsergebnis liegt bei 7 aus 16
Antwortstatistiken
Bildquiz Antwort % Korrekt
Förderturm Carl Funke
67%
Schloß Hugenpoet
67%
St. Lucius
67%
St. Ludgerus
67%
Villa Hügel
67%
Altes Rathaus
33%
Friedrich III
33%
Haus Heisingen
33%
Haus Scheppen
33%
Haus Schuir
33%
Kattenturm
33%
Marktkirche
33%
Schloß Baldeney
33%
Steinkistengrab
33%
St. Georg
33%
St. Joseph
0%
Keine übereinstimmenden Quizze gefunden
Verteilung der Resultate
Anzahl Personen mit jedem Resultat
Perzentil nach korrekt beantworteten Fragen
Ihre Resultats-Entwicklung
Sie haben dieses Quiz noch nicht gespielt